000 00925nam a2200229Ia 4500
001 9196
003 GE_BSU
008 181216s||||||||xx |||||||||||||| ||und||
040 _cGE_BSU
080 _a821.353.1–1+821.353.1-32
100 _aლორთქიფანიძე,კონსტანტინე
245 _aთხზულებანი ოთხ ტომად. ტ.3
245 _bგაუმარჯოს დონკიხოტს. მოთხრობები, რჩეული თარგმანები
245 _cრედ.შ.ნიშნიანიძე.მხატვ.თ.სამსონაძე
260 _aთბილისი
260 _bსაბჭ.მწერალი
260 _c1972
300 _a612გვ.20სმ.
653 _aგაუმარჯოს დონკიხოტს
653 _aმოთხრობები
942 _cBK
999 _c42499
_d42499